Душа и тело (Запись № 10561680)

Подробности
000 -МАРКЕР
контрольное поле 02001ncm0a2200409 4500
001 - ИДЕНТИФИКАТОР ЗАПИСИ
контрольное поле RU\NLR\ONIZ\212954
005 - ИДЕНТИФИКАТОР ВЕРСИИ
контрольное поле 20260406121110.0
035 ## - ДРУГИЕ СИСТЕМНЫЕ НОМЕРА
Идентификатор записи (NLR Aleph) 010892442
071 20 - ИЗДАТЕЛЬСКИЙ НОМЕР
Номер, присвоенный агентством с 4580 к
100 ## - ДАННЫЕ ОБЩЕЙ ОБРАБОТКИ
Данные общей обработки 20151105d2009 |||y0rusy50 ca
101 0# - ЯЗЫК РЕСУРСА
Язык текста, звукозаписи и т.д. русский
102 ## - СТРАНА ПУБЛИКАЦИИ ИЛИ ПРОИЗВОДСТВА
Страна публикации Российская Федерация
125 ## - ПОЛЕ КОДИРОВАННЫХ ДАННЫХ: ЗВУКОЗАПИСИ И НОТНЫЕ ИЗДАНИЯ
Форма изложения нотного текста ax
200 1# - ЗАГЛАВИЕ И СВЕДЕНИЯ ОБ ОТВЕТСТВЕННОСТИ
Основное заглавие Душа и тело
Общее обозначение материала Ноты
Сведения, относящиеся к заглавию вок. цикл на стихи Н. Гумилёва и О. Мандельштама
-- для голоса и фп.
Первые сведения об ответственности Б. Арапов
Последующие сведения об ответственности ред. и предисл. И. Шараповой
210 ## - ПУБЛИКАЦИЯ, РАСПРОСТРАНЕНИЕ И ДР.
Место издания, распространения и т.д. Санкт-Петербург
Имя издателя, распространителя и т. д. Композитор - Санкт-Петербург
Дата издания, распространения и т.д. 2009
215 ## - ФИЗИЧЕСКАЯ ХАРАКТЕРИСТИКА
Специфическое обозначение материала и объем 26 с.
Размеры 29 см
300 ## - ОБЩИЕ ПРИМЕЧАНИЯ
Текст примечания Парал. рус., англ.
300 ## - ОБЩИЕ ПРИМЕЧАНИЯ
Текст примечания Перед нот. текстом: Памяти Н. Гумилёва и О. Мандельштама
606 1# - НАИМЕНОВАНИЕ ТЕМЫ КАК ПРЕДМЕТ
Наименование темы Вокальные циклы
Географический подзаголовок СССР
Хронологический подзаголовок 20 в.
Формальный подзаголовок Ноты
Код системы nlr_sh
686 ## - ИНДЕКСЫ ДРУГИХ КЛАССИФИКАЦИЙ
Индекс Щ943.4-42-043.2(2)
Издание LBC/SL
Код системы
700 #1 - ИМЯ ЛИЦА - ПЕРВИЧНАЯ ОТВЕТСТВЕННОСТЬ
Системный номер авторитетной/нормативной записи z01790
Начальный элемент ввода Арапов
Часть имени, кроме начального элемента ввода Б. А.
Даты 1905-1992
Расширение инициалов личного имени Борис Александрович
Код отношения Композитор
Графика поля Кириллица
702 #1 - ИМЯ ЛИЦА - ВТОРИЧНАЯ ОТВЕТСТВЕННОСТЬ
Системный номер авторитетной/нормативной записи z02790
Начальный элемент ввода Гумилёв
Часть имени, кроме начального элемента ввода Н. С.
Даты 1886-1921
Расширение инициалов личного имени Николай Степанович
Код отношения Лирик
-- Объект посвящения
Графика поля Кириллица
702 #1 - ИМЯ ЛИЦА - ВТОРИЧНАЯ ОТВЕТСТВЕННОСТЬ
Код отношения Лирик
-- Объект посвящения
Материалы, к которым относится поле rus
Графика поля Кириллица
Начальный элемент ввода Мандельштам
Часть имени, кроме начального элемента ввода О. Э.
Даты 1891-1938
Расширение инициалов личного имени Осип Эмильевич
Идентификатор авторитетной/нормативной записи RU\NLR\AUTH\77504
Системный номер авторитетной/нормативной записи 110553
702 #1 - ИМЯ ЛИЦА - ВТОРИЧНАЯ ОТВЕТСТВЕННОСТЬ
Системный номер авторитетной/нормативной записи z04790
Начальный элемент ввода Шарапова
Часть имени, кроме начального элемента ввода И. А.
Расширение инициалов личного имени Ирина Александровна
Код отношения Редактор
Графика поля Кириллица
790 #1 - ИМЯ ЛИЦА - АЛЬТЕРНАТИВНАЯ ФОРМА
Системный номер авторитетной/нормативной записи z01700
Начальный элемент ввода Arapov
Часть имени, кроме начального элемента ввода B. A.
Даты 1905-1992
Расширение инициалов личного имени Boris Aleksandrovič
Код отношения Композитор
Графика поля Латинская
790 #1 - ИМЯ ЛИЦА - АЛЬТЕРНАТИВНАЯ ФОРМА
Системный номер авторитетной/нормативной записи z02702
Начальный элемент ввода Gumiljov
Часть имени, кроме начального элемента ввода N. S.
Даты 1886-1921
Расширение инициалов личного имени Nikolaj Stepanovič
Код отношения Лирик
-- Объект посвящения
Графика поля Латинская
790 #1 - ИМЯ ЛИЦА - АЛЬТЕРНАТИВНАЯ ФОРМА
Код отношения Лирик
-- Объект посвящения
Материалы, к которым относится поле rus
Графика поля Латинская
Начальный элемент ввода Mandel'štam
Часть имени, кроме начального элемента ввода O. É.
Даты 1891-1938
Расширение инициалов личного имени Osip Émil'evič
Идентификатор авторитетной/нормативной записи RU\NLR\AUTH\7723151
Системный номер авторитетной/нормативной записи 6205
790 #1 - ИМЯ ЛИЦА - АЛЬТЕРНАТИВНАЯ ФОРМА
Системный номер авторитетной/нормативной записи z04702
Начальный элемент ввода Sharapova
Часть имени, кроме начального элемента ввода I.
Дополнения к именам, кроме дат piano
Расширение инициалов личного имени Irina
Код отношения Редактор
Графика поля Латинская
801 #0 - ИСТОЧНИК ЗАПИСИ
Страна Российская Федерация
Организация NLR
Дата составления 20151105
Правила каталогизации PSBO
801 #1 - ИСТОЧНИК ЗАПИСИ
Страна Российская Федерация
Организация NLR
Дата составления 20151105
Источник данных rusmarc
801 #2 - ИСТОЧНИК ЗАПИСИ
Страна Российская Федерация
Организация NLR
Дата составления 20151113
852 ## - МЕСТОНАХОЖДЕНИЕ И ШИФР ХРАНЕНИЯ
Идентификатор организации NLR
Наименование фонда или коллекции (Sub-Location Identifier) М
Шифр хранения (Call Number) К-3/27494
Страна
Номер экземпляра 1
942 ## - ДОПОЛНИТЕЛЬНЫЕ ЭЛЕМЕНТЫ ЗАПИСИ (АБИС)
Тип экземпляра АБИС Ноты
980 ## - КОЛЛЕКЦИЯ
Название коллекции Национальная библиография
980 ## - КОЛЛЕКЦИЯ
Название коллекции Отдел нот и звукозаписей
Экземпляры
Тип экземпляра Дата поступления Библиотека постоянного хранения Библиотека текущего хранения Место хранения Шифр хранения Статус экземпляра
Ноты 05.11.2015 РНБ (Московский) РНБ (Московский) Фонд нот и звукозаписей К-3/27494 К-3/27494